<?xml version="1.0" encoding="UTF-8"?><?xml-stylesheet type="text/xsl" href="static/style.xsl"?><OAI-PMH xmlns="http://www.openarchives.org/OAI/2.0/" xmlns:xsi="http://www.w3.org/2001/XMLSchema-instance" xsi:schemaLocation="http://www.openarchives.org/OAI/2.0/ http://www.openarchives.org/OAI/2.0/OAI-PMH.xsd"><responseDate>2026-04-17T12:07:16Z</responseDate><request verb="GetRecord" identifier="oai:riubu.ubu.es:10259/9539" metadataPrefix="marc">https://riubu.ubu.es/oai/request</request><GetRecord><record><header><identifier>oai:riubu.ubu.es:10259/9539</identifier><datestamp>2024-09-06T00:05:27Z</datestamp><setSpec>com_10259_5501</setSpec><setSpec>com_10259_5086</setSpec><setSpec>com_10259_2604</setSpec><setSpec>com_10259_7877</setSpec><setSpec>col_10259_5502</setSpec><setSpec>col_10259_8289</setSpec></header><metadata><record xmlns="http://www.loc.gov/MARC21/slim" xmlns:doc="http://www.lyncode.com/xoai" xmlns:xsi="http://www.w3.org/2001/XMLSchema-instance" xmlns:dcterms="http://purl.org/dc/terms/" xsi:schemaLocation="http://www.loc.gov/MARC21/slim http://www.loc.gov/standards/marcxml/schema/MARC21slim.xsd">
<leader>00925njm 22002777a 4500</leader>
<datafield tag="042" ind1=" " ind2=" ">
<subfield code="a">dc</subfield>
</datafield>
<datafield tag="720" ind1=" " ind2=" ">
<subfield code="a">Mariscal Saldaña, Miguel Ángel</subfield>
<subfield code="e">author</subfield>
</datafield>
<datafield tag="720" ind1=" " ind2=" ">
<subfield code="a">García Herrero, Susana</subfield>
<subfield code="e">author</subfield>
</datafield>
<datafield tag="720" ind1=" " ind2=" ">
<subfield code="a">Ortiz Barcina, Sergio</subfield>
<subfield code="e">author</subfield>
</datafield>
<datafield tag="720" ind1=" " ind2=" ">
<subfield code="a">López Perea, Eva María</subfield>
<subfield code="e">author</subfield>
</datafield>
<datafield tag="260" ind1=" " ind2=" ">
<subfield code="c">2022-11</subfield>
</datafield>
<datafield tag="520" ind1=" " ind2=" ">
<subfield code="a">Es necesario introducir el desarrollo y la implementación de las&#xd;
tecnologías habilitadoras de la industria 4.0 en los estudios de&#xd;
ingeniería. Se muestra una práctica de robótica colaborativa en&#xd;
una asignatura, a través del uso de distintas metodologías para&#xd;
poder impartir los conocimientos con un solo cobot en el aula, a&#xd;
través de software de simulación.</subfield>
</datafield>
<datafield tag="520" ind1=" " ind2=" ">
<subfield code="a">Development and implementation of the enabling technologies&#xd;
of industry 4.0 need to be introduced into engineering studies.&#xd;
A collaborative robotics practice is shown in a subject, through&#xd;
the use of different methodologies, to be able to impart knowledge&#xd;
with one single cobot in the classroom, through simulation&#xd;
software.</subfield>
</datafield>
<datafield tag="024" ind2=" " ind1="8">
<subfield code="a">2172-6957</subfield>
</datafield>
<datafield tag="024" ind2=" " ind1="8">
<subfield code="a">http://hdl.handle.net/10259/9539</subfield>
</datafield>
<datafield tag="024" ind2=" " ind1="8">
<subfield code="a">10.23800/10532</subfield>
</datafield>
<datafield ind1=" " ind2=" " tag="653">
<subfield code="a">Industria 4.0</subfield>
</datafield>
<datafield ind1=" " ind2=" " tag="653">
<subfield code="a">Cobot</subfield>
</datafield>
<datafield ind1=" " ind2=" " tag="653">
<subfield code="a">Simulación</subfield>
</datafield>
<datafield ind1=" " ind2=" " tag="653">
<subfield code="a">Tecnología</subfield>
</datafield>
<datafield ind1=" " ind2=" " tag="653">
<subfield code="a">Industry 4.0</subfield>
</datafield>
<datafield ind1=" " ind2=" " tag="653">
<subfield code="a">Simulation</subfield>
</datafield>
<datafield ind1=" " ind2=" " tag="653">
<subfield code="a">Technology</subfield>
</datafield>
<datafield tag="245" ind1="0" ind2="0">
<subfield code="a">Incorporación de la industria 4.0 y de la robótica colaborativa en la formación universitaria</subfield>
</datafield>
</record></metadata></record></GetRecord></OAI-PMH>